The Last Dinner Party Discography - Statistics

General Stats
  • This quiz has been taken 26 times
    4 since last reset
  • The average score is 21 of 27
Answer Stats
Album Year Type Answer % Correct
Prelude to Ecstasy 2024 Beautiful Boy
100%
Prelude to Ecstasy 2024 Caesar on a TV Screen
100%
Prelude to Ecstasy 2024 Mirror
100%
Prelude to Ecstasy 2024 Nothing Matters
100%
Prelude to Ecstasy 2024 Prelude to Ecstasy
100%
From The Pyre 2025 Second Best
100%
Prelude to Ecstasy 2024 Sinner
100%
Prelude to Ecstasy 2024 The Feminine Urge
100%
From The Pyre 2025 The Scythe
100%
Prelude to Ecstasy: Acoustics & Covers 2024 Cover This Town Ain't Big Enough For Both Of Us (Sparks cover)
100%
From The Pyre 2025 Woman is a Tree
100%
From The Pyre 2025 Agnus Dei
75%
Prelude to Ecstasy: Acoustics & Covers 2024 Cover Army Dreamers (Kate Bush cover)
75%
From The Pyre 2025 Count The Ways
75%
Prelude to Ecstasy 2024 Gjuha
75%
From The Pyre 2025 I Hold Your Anger
75%
From The Pyre 2025 Inferno
75%
Prelude to Ecstasy 2024 My Lady of Mercy
75%
Prelude to Ecstasy 2024 On Your Side
75%
From The Pyre 2025 Rifle
75%
From The Pyre 2025 Sail Away
75%
From The Pyre 2025 This is the Killer Speaking
75%
Prelude to Ecstasy 2024 Burn Alive
50%
Prelude to Ecstasy 2024 Portrait of a Dead Girl
50%
Prelude to Ecstasy: Acoustics & Covers 2024 Cover Up North (Catherine Howe cover)
50%
Prelude to Ecstasy: Acoustics & Covers 2024 Cover Wicked Game (Chris Isaak cover)
50%
Apple Music London Sessions 2023 Cover Mandinka (Sinéad O'Connor cover)
0%
No matching quizzes found
Score Distribution
Percent of People with Each Score
Percentile by Number Answered
Your Score History
You have not taken this quiz since the last reset